000 00731nam a2200253Ia 4500
003 OSt
005 20220925205751.0
006 a|||||r|||| 00| 0
007 ta
008 220923b |||||||| |||| 00| 0 eng d
020 _a0824802624
037 _cGeneral Book
040 _aRTL
_cRTL
_beng
041 _2eng
_aeng
082 _aX:328.933.N7, L3
100 _aFinney Ben R
_9270977
245 0 _aBig-men and business
_b Entrepreneurship and econom
260 _aHonolulu
_bUniversity Press of Hawaii
_c1973
300 _axxii, 206p
_ccm.
500 _aBibliography : P 191-200
650 _aProfit
_9242872
942 _hX:328.933.N7, L3
_cGB
_2CC
999 _c553147
_d553147